| 000 | 00930nam a2200289 i 4500 | ||
|---|---|---|---|
| 003 | EG-ScBUE | ||
| 005 | 20240606093647.0 | ||
| 008 | 180410s1999 cc a f 000 0 eng d | ||
| 020 | _a7228035364 | ||
| 020 | _a9787228035366 | ||
| 040 |
_aEG-ScBUE _beng _erda _cEG-ScBUE _dEG-ScBUE |
||
| 043 | _aa-cc--- | ||
| 082 | 0 | 4 |
_a951.6 _bXIN _222 |
| 245 | 0 | 0 |
_aXinjiang tourism / _c[editors in chief Ren Xizhong, Chen Zhongqiu]. |
| 246 | 3 | 0 | _aTourism |
| 250 | _aThird edition. | ||
| 264 | 1 |
_aHong Kong : _bHong Kong China Tourism Press, _c1999. |
|
| 300 |
_a126 pages : _bcolor illustrations ; _c28 cm |
||
| 336 |
_2rdacontent _atext _btxt |
||
| 337 |
_aunmediated _2rdamedia _bn |
||
| 338 |
_avolume _bnc _2rdacarrier |
||
| 651 | 7 |
_aXinjiang Uygur Zizhiqu (China) _xDescription and travel. _2BUEsh |
|
| 653 |
_bGGEN _cApril2018 |
||
| 655 | _vReading book | ||
| 942 |
_2ddc _cBB |
||
| 999 |
_c26484 _d26456 |
||